000 00296nam a22001337a 4500
020 _a978-0-593-05830-5
082 _a001
_bHAW/G
100 _aHAWKING, STEPHEN
245 _aTHE GRAND DESIGN
260 _aUK
_bBANTAM PRESS
300 _a199
650 _aPERSONALITY DEVELOPMENT
_zUK
942 _cBK
999 _c5317
_d5317